000 00215nam a22000977a 4500
041 _aENG
245 _aDeainage Design Factors
260 _aDelhi
_bFood And Agriculture
_c1996
650 _aIDE
856 _uIDE ( 18 )
999 _c1517
_d1517